NL Pennant Winners (MLB), 1969-present - Statistics

General Stats
  • This quiz has been taken 92 times
    24 since last reset
  • The average score is 36 of 55
Answer Stats
Year Losing Team Winning Team % Correct
2021 Dodgers Braves
100%
2024 Mets Dodgers
100%
2020 Braves Dodgers
100%
2011 Brewers Cardinals
95%
2016 Dodgers Cubs
95%
2018 Brewers Dodgers
95%
2013 Dodgers Cardinals
90%
2017 Cubs Dodgers
90%
2014 Cardinals Giants
90%
2012 Cardinals Giants
90%
2010 Phillies Giants
90%
2015 Cubs Mets
90%
2019 Cardinals Nationals
90%
2022 Padres Phillies
86%
2009 Dodgers Phillies
86%
2008 Dodgers Phillies
86%
2006 Mets Cardinals
81%
2023 Phillies Diamondbacks
81%
2004 Astros Cardinals
71%
2007 Diamondbacks Rockies
71%
2005 Cardinals Astros
67%
1999 Mets Braves
67%
1982 Braves Cardinals
67%
1988 Mets Dodgers
67%
1981 Expos Dodgers
62%
2002 Cardinals Giants
62%
2003 Cubs Marlins
62%
2000 Cardinals Mets
62%
1993 Braves Phillies
62%
1995 Reds Braves
57%
1992 Pirates Braves
57%
1985 Dodgers Cardinals
57%
2001 Braves Diamondbacks
57%
1997 Braves Marlins
57%
1998 Braves Padres
57%
1996 Cardinals Braves
52%
1991 Pirates Braves
52%
1986 Astros Mets
52%
1980 Astros Phillies
52%
1990 Pirates Reds
52%
1987 Giants Cardinals
48%
1978 Phillies Dodgers
48%
1977 Phillies Dodgers
48%
1974 Pirates Dodgers
48%
1989 Cubs Giants
48%
1984 Cubs Padres
43%
1983 Dodgers Phillies
43%
1969 Braves Mets
38%
1979 Reds Pirates
38%
1976 Phillies Reds
38%
1975 Pirates Reds
38%
1973 Reds Mets
33%
1972 Pirates Reds
33%
1970 Pirates Reds
33%
1971 Giants Pirates
24%
No matching quizzes found
Score Distribution
Percent of People with Each Score
Percentile by Number Answered
Your Score History
You have not taken this quiz since the last reset